000 00693cam a22001217a 4500
008 180718b-- xxu||||| |||| 00| 0 eng d
082 _aZ463x54 P/K
100 _aIndia. Agricultural Prices Commission on Price Policy for Kharif Cereals
245 _aReport of the Agricultural Prices Commission on Price Policy for Kharif Cereals
_cby Department of Agriculture, Ministry of Food, Agriculture, Community Development and Cooperation
260 _aNew Delhi
_bDepartment of Food, Ministry of Food, Agriculture, Community
_c--
500 _aLibrary has 1965/66, 1967/68-1968/69- 1972/73-1973/74
700 _aIndia. Ministry of Food, Agriculture, Community Development and Cooperation Department of Food
999 _c490678
_d490678